LEADER 02636nam 2200577 a 450 001 9910453621103321 005 20200520144314.0 010 $a1-281-51520-5 010 $a9786611515201 010 $a0-19-155318-2 035 $a(CKB)1000000000541094 035 $a(EBL)415971 035 $a(OCoLC)458705906 035 $a(SSID)ssj0000250600 035 $a(PQKBManifestationID)11194226 035 $a(PQKBTitleCode)TC0000250600 035 $a(PQKBWorkID)10244739 035 $a(PQKB)10360069 035 $a(MiAaPQ)EBC415971 035 $a(Au-PeEL)EBL415971 035 $a(CaPaEBR)ebr10237112 035 $a(CaONFJC)MIL151520 035 $a(EXLCZ)991000000000541094 100 $a20071129d2008 uy 0 101 0 $aeng 135 $aur|n|---||||| 181 $ctxt 182 $cc 183 $acr 200 14$aThe stanzaic architecture of early Greek elegy$b[electronic resource] /$fChristopher A. Faraone 210 $aOxford ;$aNew York $cOxford University Press$d2008 215 $a1 online resource (213 p.) 300 $aDescription based upon print version of record. 311 $a0-19-923698-4 320 $aIncludes bibliographical references (p. [179]-188) and indexes. 327 $aContents; Note on Abbreviations and Transliterations; 1. Introduction; 2. Internal Structure; 3. Composition; 4. Performance; 5. Improvisation; 6. Innovation and Archaism; 7. Revival; 8. Conclusions; Appendices; Glossary; Bibliography; Indexes 330 $aA study of poetic form in early Greek elegy. Christopher A. Faraone draws on analogies from Italian and English song and poetry of the Renaissance. All Greek is translated and all technical terms explained. - ;In this study of poetic form in early Greek elegy, Christopher A. Faraone argues against the prevailing assumption that it was a genre of stichic poetry derived from or dependent on epic verse. Faraone emphasizes the fact that early elegiac poets composed their songs to the tune of an aulos (a kind of oboe) and used a five-couplet stanza as a basic unit of composition. He points out how 606 $aElegiac poetry, Greek$xHistory and criticism 606 $aGreek language$xMetrics and rhythmics 608 $aElectronic books. 615 0$aElegiac poetry, Greek$xHistory and criticism. 615 0$aGreek language$xMetrics and rhythmics. 676 $a884/.0109 700 $aFaraone$b Christopher A$0223741 801 0$bMiAaPQ 801 1$bMiAaPQ 801 2$bMiAaPQ 906 $aBOOK 912 $a9910453621103321 996 $aStanzaic architecture of early Greek elegy$91119693 997 $aUNINA LEADER 03099nam 2200613 a 450 001 9910781333103321 005 20170815153525.0 010 $a1-58110-573-8 035 $a(CKB)2550000000037115 035 $a(EBL)711528 035 $a(OCoLC)729166811 035 $a(SSID)ssj0000632225 035 $a(PQKBManifestationID)12204937 035 $a(PQKBTitleCode)TC0000632225 035 $a(PQKBWorkID)10617342 035 $a(PQKB)11320087 035 $a(MiAaPQ)EBC711528 035 $a(EXLCZ)992550000000037115 100 $a20110706d2011 uy 0 101 0 $aeng 135 $aur|n|---||||| 181 $ctxt 182 $cc 183 $acr 200 00$aAssessment of sexual maturity stages in girls and boys$b[electronic resource] /$fMarcia E. Herman-Giddens ... [et al.] 210 $aElk Grove Village, Ill. $cAmerican Academy of Pediatrics$d2011 215 $a1 online resource (48 p.) 300 $aDescription based upon print version of record. 311 $a1-58110-443-X 320 $aIncludes bibliographical references. 327 $aAssessment of Sexual Maturity Stages in Girls and Boys; Authors/Principal Investors: Marcia E. Herman-Giddens, PA, DrPH; Carlos J. Bourdony, MD, FAAP; Steven A. Dowshen, MD, FAAP; Edward O. Reiter, MD, FAAP; American Academy of Pediatrics Department of Marketing and Publications Staff. Copyright © 2011 by the American Academy of Pediatrics; About Authors; Table of Contents; Foreword; Acknowledgments; Assessment of Sexual Maturity Stages in Girls; Introduction; Breast Maturity Ratings: The Tanner Photographs; Pubic Hair Ratings: The Tanner Photographs 327 $aBreast Maturity Ratings: The van Wieringen PhotographsPubic Hair Ratings: The van Wieringen Photographs; Staging Breast Development; Staging Pubic Hair Development Pubic Hair; Staging Axillary Hair Development; Examination Techniques; The Influence of Breast Types on Assessment of Stage of Development; Assignment of Stages for Breast and Pubic Hair Development; Assessment of Sexual Maturity Stages in Boys; Introduction; Genital Maturity Ratings: The Tanner Photographs; Genital Maturity Ratings: The van Wieringen Photographs; Staging Genital Development; Staging Pubic Hair Growth 327 $aExamples of Subtleties of StagingStaging Axillary Hair Development; Examination Techniques 330 $aAll-new manual will assist you in learning how to assign the stages of the physical changes of pubertal development. 606 $aPuberty 606 $aHormones, Sex 606 $aSex 606 $aSex differences 606 $aHuman reproduction 615 0$aPuberty. 615 0$aHormones, Sex. 615 0$aSex. 615 0$aSex differences. 615 0$aHuman reproduction. 676 $a618.92 701 $aHerman-Giddens$b Marcia E$01488680 712 02$aAmerican Academy of Pediatrics. 801 0$bMiAaPQ 801 1$bMiAaPQ 801 2$bMiAaPQ 906 $aBOOK 912 $a9910781333103321 996 $aAssessment of sexual maturity stages in girls and boys$93709001 997 $aUNINA